000 01216cab a2200325 4500
001 ABS51352
008 090401t1994 xxu||||| |||| 00| 0 eng d
035 _a(Sirsi) u23029
041 _aeng
110 _aGardiner and Theobald
_9719
245 _aPlan shape and building costs
260 _c1994
350 _a0
490 _aArchitects` Journal
_v200(9) 8 September 1994, 41-43
520 _aA series which will look at the effect of design decisions on building costs; the first considers the impact of a building`s plan shape on costs; the second looks at refurbishment as a viable alternative to redevelopment or new purchase; the third investigates the initial costs of erecting industrial buildings.
650 _aBUILT ENVIRONMENT-BUILDING COSTS
650 _aBUILT ENVIRONMENT-CONSTRUCTION DESIGN
650 _aCLADDING COST
650 _aCOSTS
650 _aDESIGN DECISIONS
650 _aFLOOR PLAN
650 _aINDUSTRIAL BUILDINGS
650 _aOFFICE BUILDINGS
650 _aPLAN SHAPES
650 _aBUILT ENVIRONMENT-BUILDING MAINTENANCE AND REFURBISHMENT
650 _aVIABILITY
690 _aBUILT ENVIRONMENT-CONSTRUCTION DESIGN
942 _n0
948 _c04/03/1997
999 _c15434
_d15434